| 000 | 00864cam a22002775a 4500 | ||
|---|---|---|---|
| 001 | ssib023741007 | ||
| 003 | OSt | ||
| 005 | 20201128023726.0 | ||
| 008 | 160401t2016 nyua frb 001 0 eng d | ||
| 020 | _a9781259587276 | ||
| 020 | _a1259587274 | ||
| 040 |
_aWaSeSS _cWaSeSS _dWaSeSS _dEG-ScBUE _beng |
||
| 082 | 0 | 4 |
_222 _a690.068 _bOBR |
| 245 | 1 | 0 |
_aCPM in construction management / _cJames J. O'Brien, Fredric L. Plotnick. |
| 250 | _a8th ed. | ||
| 260 |
_a[New York] : _bMcGraw-Hill Education, _cc.2016. |
||
| 300 |
_axix, 715 p. : _bill. ; _c24 cm. |
||
| 500 | _aIndex : p. 707-715. | ||
| 504 | _aIncludes bibliographical references. | ||
| 650 | 7 |
_2BUEsh _91204 _aConstruction industry _xmanagement. |
|
| 650 | 7 |
_aCritical path analysis. _2BUEsh |
|
| 651 | _2BUEsh | ||
| 653 |
_bBUSADM _cApril2016 |
||
| 700 | 1 |
_aPlotnick, Fredric L. _923111 |
|
| 942 | _2ddc | ||
| 999 |
_c21651 _d21623 |
||